000 00247 a2200097 4500
001 51734
100 _aMuhammad Am
245 _aArabi Bole Chale, Tareeqa Jadid Wa Hissa Awel (Vol-I)
260 _aKarachi
_bDar-Ul-Ishaat
_c
090 _c32717
_d32717
942 _aNUST-CAE
_cM
_c25244
999 _c286807
_d286807